000 nam a22 a 4500
999 _c2711
_d2711
003 AKMAL
005 20170517154217.0
008 170517s1992 my a00 may d
020 _a9836224629 (kkt.):
_cRgt. 10.00
082 0 4 _a499.2382 ARO
090 _a499.2382
_bARO
100 1 _aArockiamary Savarimuthu
_95707
245 1 0 _aAyat majmuk dalam Sejarah Melayu /
_cArockiamary a/p Savarimuthu
260 _aKuala Lumpur :
_bDewan Bahasa dan Pustaka,
_c1992
300 _axiv, 141ms. :
_bil. ;
_c22cm
504 _aMengandungi rujukan bibliografi dan indeks
521 _aPeringkat pembaca: Dewasa
650 _aSejarah Melayu
_95708
650 _aMalay literature
_xHistory and criticism
_95709
650 _aMalay language
_xCompound words
_95710
700 1 _aShellabear, William Girdlestone,
_d1862-1947
_95711
942 _2ddc
_cBOOK